000
00335nam a2200145Ia 4500
008
220928s9999 xx 000 0 und d
020
_a
9788181420732
082
_b
NOR
100
_a
NORONHA, P.A.
245
0
_a
INDUSTRIAL RELATIONS AND LABOUR LAWS
260
_b
SCDL, PUNE
_c
2013
300
_a
354
650
_a
Law
942
_c
BK
999
_c
208522
_d
208522